Optics and lasers : (Record no. 183559)
[ view plain ]
| 000 -LEADER | |
|---|---|
| fixed length control field | 00881 a2200217 4500 |
| 003 - CONTROL NUMBER IDENTIFIER | |
| control field | Nust |
| 005 - DATE AND TIME OF LATEST TRANSACTION | |
| control field | 20230320093401.0 |
| 010 ## - LIBRARY OF CONGRESS CONTROL NUMBER | |
| LC control number | 85027795 |
| 020 ## - INTERNATIONAL STANDARD BOOK NUMBER | |
| International Standard Book Number | 0387161279 (pbk. : U.S.) |
| 040 ## - CATALOGING SOURCE | |
| Transcribing agency | Nust |
| 082 00 - DEWEY DECIMAL CLASSIFICATION NUMBER | |
| Classification number | 621.66,YOU |
| 100 1# - MAIN ENTRY--PERSONAL NAME | |
| Personal name | Young, Matt, |
| 9 (RLIN) | 69027 |
| 245 10 - TITLE STATEMENT | |
| Title | Optics and lasers : |
| Remainder of title | an engineering physics approach / |
| Statement of responsibility, etc. | Matt Young. |
| 260 ## - PUBLICATION, DISTRIBUTION, ETC. | |
| Place of publication, distribution, etc. | Berlin ; |
| -- | New York : |
| Name of publisher, distributor, etc. | Springer-Verlag, |
| Date of publication, distribution, etc. | c1986. |
| 300 ## - PHYSICAL DESCRIPTION | |
| Extent | xvi, 207 p |
| Other physical details | ill. ; |
| Dimensions | 24 cm. |
| 440 #0 - SERIES STATEMENT/ADDED ENTRY--TITLE | |
| Title | Springer series in optical sciences ; |
| Volume/sequential designation | v. 5 |
| 9 (RLIN) | 98141 |
| 505 ## - FORMATTED CONTENTS NOTE | |
| Formatted contents note | Ray Optics (Page-1), Optical Instruments (Page-20), Light Sources and Detectors (Page-43), Wave Optics (Page-73), Interferometry and Related Areas (Page-106), Holography and Fourier Optics (Page-118), Lasers (Page-144), Electromagnetic and Polarization Effects (Page-171). |
| 650 #0 - SUBJECT ADDED ENTRY--TOPICAL TERM | |
| Topical term or geographic name entry element | Lasers. |
| 650 #0 - SUBJECT ADDED ENTRY--TOPICAL TERM | |
| Topical term or geographic name entry element | Optics. |
| 9 (RLIN) | 40012 |
| 942 ## - ADDED ENTRY ELEMENTS (KOHA) | |
| Source of classification or shelving scheme | |
| Koha item type | Book |
| Withdrawn status | Lost status | Source of classification or shelving scheme | Damaged status | Not for loan | Permanent Location | Current Location | Shelving location | Date acquired | Full call number | Barcode | Date last seen | Price effective from | Koha item type | Public note |
|---|---|---|---|---|---|---|---|---|---|---|---|---|---|---|
| Military College of Signals (MCS) | Military College of Signals (MCS) | General Stacks | 12/12/2016 | 621.366,YOU | MCS5798 | 12/08/2016 | 12/12/2016 | Book | Almirah No.74, Shelf No.6 |
